00506pab a2200157 454500008004000000100002300040245007100063260000900134300001300143362001200156650005100168650003800219650003500257650001000292773004600302180718b1998 xxu||||| |||| 00| 0 eng d aMishra, Anil Dutta aViolence against women in Indian society: a case of Madhya Pradesh c1998 ap.95-105 aJul-Dec aWomen - Crime against - India - Madhya Pradesh aViolence - India - Madhya Pradesh aWomen - India - Madhya Pradesh aWomen aMadhya Pradesh Journal of Social Sciences